| 000 | 00465nam a2200181Ia 4500 | ||
|---|---|---|---|
| 001 | 44012 | ||
| 008 | 140428s9999 xx 000 0 und d | ||
| 020 | _aNA | ||
| 040 | _cPK-LaUMT | ||
| 082 |
_aRHC 297.082 _bTAL-T |
||
| 100 | _aTalib Hashmi | ||
| 245 |
_aTareekh-e-Islam ki chaar so bakamal khawateen (Urdu) _cTalib Hashmi |
||
| 260 |
_aLahore,Pakistan: _bPain Islamic Publishers, _c1990 |
||
| 300 | _a712 p. | ||
| 546 | _aUR | ||
| 650 | _aIslam | ||
| 942 | _cBK | ||
| 999 |
_c42012 _d42012 |
||